[Event "Moscow Aeroflot op-A"]
[Site "Moscow"]
[Date "2024.03.06"]
[Round "8"]
[White "Gasparyan, Erik R"]
[Black "Rakhmatullaev, Almas"]
[Result "0-1"]
[WhiteElo "2364"]
[BlackElo "2424"]
[PlyCount "88"]
[EventDate "2024.03.03"]
[EventType "swiss"]
[EventRounds "9"]
[EventCountry "RUS"]
[SourceTitle "CB11_2024"]
[SourceDate "2024.03.13"]
[SourceVersion "1"]
[SourceVersionDate "2024.03.13"]
[SourceQuality "1"]

1. e4 e5 2. Nf3 Nc6 3. Nc3 Nf6 4. d4 Bb4 5. Nxe5 Qe7 6. Qd3 Nxd4 7. Qxd4 Bc5 8. Qd3 Qxe5 9. Be3 Bxe3 10. Qxe3 d6 11. 0-0-0 0-0 12. f4 Qa5 13. Be2 Re8 14. Rd4 Bd7 15. Qg3 Bc6 16. Bf3 Re7 17. Re1 Rae8 18. Qf2 b5 19. a3 Ba8 20. g4 c5 21. Rxd6 b4 22. Nb1 Nxe4 23. Bxe4 Bxe4 24. Red1 h6 25. f5 Bb7 26. R6d2 Re4 27. f6 Rxg4 28. fxg7 Be4 29. Re2 Qc7 30. Rde1 bxa3 31. Nxa3 Re6 32. Nb5 Qe7 33. Rd2 Qg5 34. Rf1 Bg6 35. Rfd1 Kxg7 36. Nc7 Re5 37. Kb1 Rf4 38. h4 Qxh4 39. Qg1 Rfe4 40. Nd5 c4 41. Qxa7 Re1 42. Nb4 Rxd1+ 43. Rxd1 Re1 44. Qd7 Bh5 0-1

[Event "Titled Tuesday intern op 13th Feb Early"]
[Site "Chess.com INT"]
[Date "2024.02.13"]
[Round "7"]
[White "Rakhmatullaev, Almas"]
[Black "Toman, Ondrej"]
[Result "1-0"]
[WhiteElo "2426"]
[BlackElo "2276"]
[PlyCount "83"]
[EventDate "2024.02.13"]
[EventType "swiss (blitz)"]
[EventRounds "11"]
[EventCountry "USA"]
[SourceTitle "CB08_2024"]
[SourceDate "2024.02.21"]
[SourceVersion "1"]
[SourceVersionDate "2024.02.21"]
[SourceQuality "1"]

1. e4 c6 2. d4 d5 3. exd5 cxd5 4. c4 Nf6 5. Nc3 g6 6. c5 Bg7 7. Nf3 0-0 8. Bd3 Nc6 9. h3 Bf5 10. 0-0 Ne4 11. Ne2 Qd7 12. Be3 f6 13. a3 e5 14. b4 a6 15. Rb1 Kh8 16. a4 h5 17. b5 axb5 18. axb5 Ne7 19. Nh4 Bxh3 20. gxh3 Qxh3 21. Ng2 exd4 22. Nef4 Qc8 23. Bxe4 dxe4 24. Bxd4 Qf5 25. c6 bxc6 26. b6 Rad8 27. b7 c5 28. Qb3 cxd4 29. Ne6 Qg4 30. Nxd8 Rxd8 31. b8Q Rxb8 32. Qxb8+ Kh7 33. Qg3 Qe6 34. Nf4 Qf7 35. Rb7 g5 36. Nxh5 d3 37. Nxg7 Qxg7 38. Qd6 Kg6 39. Rxe7 Qf8 40. Qe6 Kh5 41. Qh3+ Kg6 42. Qh7# 1-0

[Event "Titled Tuesday intern op 13th Feb Early"]
[Site "Chess.com INT"]
[Date "2024.02.13"]
[Round "11"]
[White "Zou, Chen"]
[Black "Rakhmatullaev, Almas"]
[Result "1-0"]
[WhiteElo "2449"]
[BlackElo "2426"]
[PlyCount "119"]
[EventDate "2024.02.13"]
[EventType "swiss (blitz)"]
[EventRounds "11"]
[EventCountry "USA"]
[SourceTitle "CB08_2024"]
[SourceDate "2024.02.21"]
[SourceVersion "1"]
[SourceVersionDate "2024.02.21"]
[SourceQuality "1"]

1. e4 e5 2. Nf3 Nc6 3. Bb5 Nge7 4. 0-0 g6 5. c3 Bg7 6. Re1 0-0 7. d4 exd4 8. cxd4 d5 9. exd5 Nxd5 10. Bxc6 bxc6 11. Nbd2 Re8 12. Rxe8+ Qxe8 13. h3 Rb8 14. Nb3 Ba6 15. Nh2 Be2 16. Qe1 Nb4 17. Be3 Bc4 18. Qd2 Nxa2 19. Rxa2 Rxb3 20. Rxa7 Qb8 21. Qa5 Qe8 22. Ng4 h5 23. Ne5 Bd5 24. Ra8 Rb8 25. Rxb8 Qxb8 26. b4 Kh7 27. Bf4 Qb6 28. Qc5 Qa6 29. f3 Qe2 30. Qc3 Bf6 31. Qd2 Qb5 32. Nd7 Be7 33. Be5 g5 34. h4 gxh4 35. Nf6+ Bxf6 36. Bxf6 Be6 37. Be5 f6 38. Bxf6 h3 39. gxh3 Qf5 40. Be5 Bd5 41. Qf4 Qxh3 42. Kf2 Qe6 43. Ke3 Qg6 44. Bxc7 Qe6+ 45. Be5 Qg6 46. Kf2 Qc2+ 47. Kg3 Qg6+ 48. Kh4 Qe6 49. Qg5 Qg6 50. Qe7+ Qf7 51. Qg5 Bxf3 52. Bf6 Bg4 53. Qf4 Kg6 54. Qg5+ Kh7 55. Kg3 Qe6 56. Be5 Qg6 57. Qe7+ Kg8 58. Qd8+ Kh7 59. Qc7+ Kh6 60. Bf4+ 1-0

[Event "Titled Tuesday intern op 06th Feb Early"]
[Site "Chess.com INT"]
[Date "2024.02.06"]
[Round "8"]
[White "Niemann, Hans Moke"]
[Black "Rakhmatullaev, Almas"]
[Result "1/2-1/2"]
[WhiteElo "2675"]
[BlackElo "2426"]
[PlyCount "46"]
[EventDate "2024.02.06"]
[EventType "swiss (blitz)"]
[EventRounds "11"]
[EventCountry "USA"]
[SourceTitle "CB07_2024"]
[SourceDate "2024.02.14"]
[SourceVersion "1"]
[SourceVersionDate "2024.02.14"]
[SourceQuality "1"]

1. e4 e5 2. Nf3 Nf6 3. Nxe5 Nxe4 4. Qe2 Qe7 5. d4 d6 6. Nd3 Nf6 7. c3 Bf5 8. Nd2 Nbd7 9. f3 0-0-0 10. Qxe7 Bxe7 11. g4 Bg6 12. Nf4 Rde8 13. Kf2 h6 14. Nxg6 fxg6 15. h4 Rhf8 16. Kg3 d5 17. Nb3 Bd6+ 18. Kg2 Nxg4 19. fxg4 Re4 20. Kh3 Rf3+ 21. Kg2 Rf8 22. Kh3 Rf3+ 23. Kg2 Rf8 1/2-1/2

[Event "Titled Tuesday intern op 06th Feb Early"]
[Site "Chess.com INT"]
[Date "2024.02.06"]
[Round "11"]
[White "Rakhmatullaev, Almas"]
[Black "Martinez Alcantara, Jose Eduardo"]
[Result "0-1"]
[WhiteElo "2426"]
[BlackElo "2610"]
[PlyCount "94"]
[EventDate "2024.02.06"]
[EventType "swiss (blitz)"]
[EventRounds "11"]
[EventCountry "USA"]
[SourceTitle "CB07_2024"]
[SourceDate "2024.02.14"]
[SourceVersion "1"]
[SourceVersionDate "2024.02.14"]
[SourceQuality "1"]

1. e4 c5 2. Nf3 d6 3. d4 cxd4 4. Qxd4 a6 5. Be2 Nc6 6. Qe3 Bg4 7. h3 Bxf3 8. Bxf3 Nf6 9. 0-0 g6 10. Rd1 Nd7 11. Nc3 Bg7 12. Nd5 0-0 13. c3 e6 14. Nf4 Qc7 15. g3 Rfd8 16. Qe2 Nce5 17. Bg2 Nc4 18. Rb1 Rac8 19. b3 Na5 20. c4 Nc6 21. Be3 Nc5 22. h4 a5 23. h5 Qe7 24. hxg6 hxg6 25. Nh3 e5 26. Bf3 Nd4 27. Bxd4 exd4 28. Nf4 Qg5 29. Kg2 Re8 30. Qc2 Be5 31. Nd5 Kg7 32. Qd2 Qxd2 33. Rxd2 Rh8 34. Re1 Rh6 35. Rh1 Rxh1 36. Kxh1 d3 37. Kg2 Re8 38. Rd1 Rb8 39. a3 Nxb3 40. Rxd3 Nc5 41. Rd2 b5 42. cxb5 Rxb5 43. Ne3 Rb3 44. Nc4 a4 45. Rd5 Rc3 46. Nxe5 dxe5 47. Rxe5 Nd3 0-1

[Event "Titled Tuesday intern op 09th Jan Early"]
[Site "Chess.com INT"]
[Date "2024.01.09"]
[Round "10"]
[White "Vlassov, Nikolai"]
[Black "Rakhmatullaev, Almas"]
[Result "0-1"]
[WhiteElo "2299"]
[BlackElo "2426"]
[PlyCount "56"]
[EventDate "2024.01.09"]
[EventType "swiss (blitz)"]
[EventRounds "11"]
[EventCountry "USA"]
[SourceTitle "CB03_2024"]
[SourceDate "2024.01.17"]
[SourceVersion "1"]
[SourceVersionDate "2024.01.17"]
[SourceQuality "1"]

1. e4 e5 2. Bc4 Nf6 3. d3 c6 4. Nf3 d5 5. Bb3 Bd6 6. Nc3 Be6 7. Bg5 d4 8. Ne2 Bxb3 9. axb3 Nbd7 10. Ng3 h6 11. Nf5 Bf8 12. Bxf6 Qxf6 13. c3 g6 14. Ng3 h5 15. cxd4 h4 16. dxe5 Nxe5 17. Nf1 Bb4+ 18. Ke2 h3 19. Nxe5 hxg2 20. Ng4 Qxb2+ 21. Nd2 gxh1Q 22. Qxh1 Qxd2+ 23. Kf3 Qxd3+ 24. Ne3 Qd7 25. h4 Be7 26. Rd1 Qe6 27. Ke2 Rxh4 28. Qf3 Qxe4 0-1

[Event "Wch Blitz"]
[Site "Samarkand"]
[Date "2023.12.30"]
[Round "16"]
[White "Rakhmatullaev, Almas"]
[Black "Bologan, Viktor"]
[Result "1-0"]
[WhiteElo "2383"]
[BlackElo "2586"]
[PlyCount "40"]
[EventDate "2023.12.29"]
[EventType "swiss (blitz)"]
[EventRounds "21"]
[EventCountry "UZB"]
[SourceTitle "CB01_2024"]
[SourceDate "2024.01.03"]
[SourceVersion "1"]
[SourceVersionDate "2024.01.03"]
[SourceQuality "1"]

1. e4 c5 2. Nf3 e6 3. g3 d6 4. Bg2 Nf6 5. Qe2 Nc6 6. 0-0 Be7 7. c3 e5 8. Rd1 Bg4 9. h3 Bh5 10. d3 0-0 11. Nbd2 d5 12. Nf1 d4 13. g4 Bg6 14. Ng3 h6 15. Nf5 Nh7 16. Bd2 Bg5 17. Nxg5 Nxg5 18. f4 Ne6 19. fxe5 Nxe5 20. c4 Qd7 1-0

[Event "Wch Blitz"]
[Site "Samarkand"]
[Date "2023.12.30"]
[Round "20"]
[White "Rakhmatullaev, Almas"]
[Black "Sapenov, Daniyal"]
[Result "1/2-1/2"]
[WhiteElo "2383"]
[BlackElo "2350"]
[PlyCount "139"]
[EventDate "2023.12.29"]
[EventType "swiss (blitz)"]
[EventRounds "21"]
[EventCountry "UZB"]
[SourceTitle "CB01_2024"]
[SourceDate "2024.01.03"]
[SourceVersion "1"]
[SourceVersionDate "2024.01.03"]
[SourceQuality "1"]

1. e4 c5 2. Nf3 d6 3. d4 cxd4 4. Qxd4 a6 5. Be2 Nc6 6. Qe3 g6 7. h3 Bg7 8. 0-0 Nf6 9. Rd1 0-0 10. Nc3 Nd7 11. Rb1 Nde5 12. Nd5 Nxf3+ 13. Bxf3 Be6 14. c3 Rc8 15. Qe2 Ne5 16. Be3 b5 17. Bf4 Re8 18. Bxe5 Bxe5 19. Bg4 Bxd5 20. Rxd5 Rc7 21. Rbd1 Qb8 22. a3 Bf6 23. f4 Bg7 24. h4 Qb6+ 25. Kh1 Rc5 26. h5 Rxd5 27. Rxd5 e6 28. Rd3 Qc5 29. hxg6 hxg6 30. g3 a5 31. Qd2 Bf8 32. Kg2 Rb8 33. f5 Qe5 34. fxe6 fxe6 35. Qe2 Bg7 36. Bh3 b4 37. cxb4 axb4 38. a4 b3 39. a5 Kf7 40. a6 Qxb2 41. Rd2 Qe5 42. Qc4 d5 43. exd5 b2 44. dxe6+ Kf8 45. e7+ Ke8 46. Qc6+ Kxe7 47. a7 b1Q 48. axb8Q Qbxb8 49. Rd7+ Kf8 50. Qf3+ Kg8 51. Bg4 Qf8 52. Qb3+ Kh8 53. Rd1 Qa8+ 54. Bf3 Qf8 55. Rh1+ Bh6 56. Qd3 Qef6 57. Re1 Qb2+ 58. Re2 Qbf6 59. Re4 Bg7 60. Rh4+ Bh6 61. Rg4 Kg7 62. Ra4 Bg5 63. Re4 Qb2+ 64. Re2 Qbf6 65. Re4 Q8d8 66. Qc4 Qd2+ 67. Re2 Qdd6 68. Qe4 Qf7 69. Qg4 Bf6 70. Be4 1/2-1/2

[Event "Wch Blitz"]
[Site "Samarkand"]
[Date "2023.12.29"]
[Round "1"]
[White "Rakhmatullaev, Almas"]
[Black "Henriquez Villagra, Cristobal"]
[Result "0-1"]
[WhiteElo "2383"]
[BlackElo "2607"]
[PlyCount "71"]
[EventDate "2023.12.29"]
[EventType "swiss (blitz)"]
[EventRounds "21"]
[EventCountry "UZB"]
[SourceTitle "CB01_2024"]
[SourceDate "2024.01.03"]
[SourceVersion "1"]
[SourceVersionDate "2024.01.03"]
[SourceQuality "1"]

1. e4 c5 2. Nf3 Nc6 3. Bb5 e6 4. 0-0 Nge7 5. Re1 a6 6. Bf1 Ng6 7. c3 Be7 8. d4 cxd4 9. cxd4 d5 10. exd5 exd5 11. h3 0-0 12. Nc3 Be6 13. Be3 Rc8 14. Rc1 Na5 15. Nd2 b5 16. Bd3 Nc4 17. Nxc4 bxc4 18. Bf1 Bd6 19. Na4 Rb8 20. b3 Ba3 21. Ra1 Qa5 22. Bd2 Bb4 23. Bxb4 Rxb4 24. Nc5 Bc8 25. a3 Rb6 26. bxc4 dxc4 27. Bxc4 Rd6 28. Qf3 Rf6 29. Qe3 Nh4 30. f4 Nf5 31. Qd3 Nd6 32. Rf1 Bf5 33. Qe2 Re8 34. Qa2 Qc3 35. Rac1 Qxd4+ 36. Kh1 0-1